Reliez les personnages à sa comédie française - Statistiques

Statistiques générales
  • Ce quiz a été pris 403 fois
  • Le résultat moyen est 17 sur 21
Statistiques - réponses
Hint Extra Hint Réponse % Correct
Jean-Claude Duss Les Bronzés font du ski
96%
Jeff Les Tuches
96%
Driss Intouchables
95%
Jacquouille la Fripouille Les Visiteurs
95%
Antoine Bailleul Bienvenue chez les Ch'tis
94%
Arthur Kaamelott
94%
Sylvain Un p'tit truc en plus
94%
François Pignon Le Dîner de cons
91%
Ruben Vandevoorde Rien à déclarer
78%
Bernard Latour Les Trois Frères
77%
Thérèse de Monsou Le Père Noël est une ordure
76%
Serge Benamou La Vérité si je mens
75%
Blaze La Folie des Grandeurs
74%
Charles Duchemin L'Aile ou la cuisse
74%
Pithivier Mais où est donc passée la septième compagnie ?
74%
Caroline Nos Jours Heureux
74%
Hervé Les Beaux Gosses
73%
François Perrin La Chèvre
72%
Augustin Bouvet La Grande Vadrouille
71%
Odile Deray La Cité de la peur
69%
Larmina El Akmar Betouche OSS 117 : Le Caire, nid d'espions
69%
Aucun quiz correspondant
Distribution des résultats
% des personnes avec chaque résultat
Percentile par nombre de réponses
Votre historique - résultats
Vous n’avez pas pris ce quiz